Tercer taller de metodología educativa /
El documento consiste en la memoria del Tercer taller de metodología educativa del CODEHUCA, en torno a las temáticas sobre metodología educativa, procedimientos, método dialéctico, la red de unidades de educación y la sistematización.
Guardado en:
| Institution som forfatter: | |
|---|---|
| Format: | Procedimiento de la Conferencia Bog |
| Sprog: | Spanish |
| Udgivet: |
San José, Costa Rica
Comisión de Derechos Humanos de Centroamérica. Secretaría de Educación
1988
|
| Fag: | |
| Tags: |
Tilføj Tag
Ingen Tags, Vær først til at tagge denne postø!
|
MARC
| LEADER | 00000nam a22000007a 4500 | ||
|---|---|---|---|
| 003 | cru CIDCACS/IIS | ||
| 005 | 20230621134252.0 | ||
| 008 | 180319b1983 cr ao||| |||| 00| 0 spa d | ||
| 040 | |c cru CIDCACS/IIS | ||
| 090 | |a 04.02.01 T315t | ||
| 111 | 1 | |9 6807 |a Taller de Metodología Educativa |d 6-11 junio 1988 | |
| 245 | 1 | 0 | |a Tercer taller de metodología educativa / |c Equipo de coordinación Lorena Camacho, Joanne Pyra ; equipo de apoyo metodológico Aura Bolaños, Maritza Delgado. |
| 260 | |a San José, Costa Rica |b Comisión de Derechos Humanos de Centroamérica. Secretaría de Educación |c 1988 | ||
| 300 | |a 55 páginas | ||
| 500 | |a Colección Alforja | ||
| 520 | 3 | |a El documento consiste en la memoria del Tercer taller de metodología educativa del CODEHUCA, en torno a las temáticas sobre metodología educativa, procedimientos, método dialéctico, la red de unidades de educación y la sistematización. | |
| 650 | 1 | 0 | |9 38 |a DERECHOS HUMANOS |
| 650 | 1 | 0 | |9 2524 |a METODOS DE INVESTIGACION |
| 650 | 0 | |a DIALECTICA |9 5303 | |
| 650 | 1 | 0 | |9 944 |a EDUCACION |
| 650 | 1 | 0 | |9 2887 |a REDES DE INVESTIGACION |
| 650 | 1 | 0 | |9 291 |a EDUCACION POPULAR |
| 942 | |2 ddc |c LI |h 04.02.01 T315t |i 18773 |6 040201_T315T_18773 | ||
| 999 | |c 41158 |d 41158 | ||
